01086 2200349 4500001002100000005001500021035002000036007000300056008004100059020002200100040002200122082001700144084001900161090002300180090002100203100003700224245012500261250003000386300004900416650000800465700002900473700002900502850001200531041000800543504003100551264003800582336002100620337003000641338002300671999002100694990002100715INLIS00000000084480820190716091901 a0010-0319000331ta190325s2018 yoia g ind  a978-602-5610-32-5 aYOPDYOGbinderda04223a641.8654 a641.8654 NUR p aDEP 641.8654 NUR p aCB-D.11 2018-8910 aNurlaeli Fattah,d1968-epenulis1 aPembuatan kue baruasa dengan penambahan tepung rumput laut /cNurlaeli Fattah, Rahmawati Saleh; editor, Alviana Cahyanti aCetakan I, Feberuari 2018 axii, 40 halaman :bilustrasi, tabel ;c21 cm 4aKue0 aRahmawati Salehepenulis0 aAlviana Cahyantieeditor aYOPDYOG0 aind aBibliografi: halaman 33-3531aYogyakarta :bSamudra Biru,c2018 2rdacontentateks 2rdamediaatanpa perantara 2rdacarrieravolume aCB-D.11/2018-891 aCB-D.11/2018-891